000 01014nam a2200277 i 4500
001 bg
100 1 _aCOPLESTON, Frederick
_d(1907- ).
245 1 0 _aHistoria filozofii.
_nT.8,
_pOd Benthama do Russella /
_cFrederick Copleston ; przeł. Bohdan Chwedeńczuk.
246 _iTyt. oryg.:
_aA history of philosophy. Vol. 7 : Bentham to Russel
260 _aWarszawa :
_b"Pax",
_c1989.
300 _a594 s. ;
_c22 cm.
500 _aTyt. oryg. : "A history of philosophy. Vol. 7 : Bentham to Russel". -.
504 _aBibliogr. s. 568-575.
650 9 _aFilozofia
_xhistoria
_zWielka Brytania
_y18-20 w.
650 9 _aFilozofia
_xhistoria
_zStany Zjednoczone
_y19-20 w.
700 1 _aCHWEDEŃCZUK, Bohdan
_d(1938- ).
_eRed.
020 _a8321110517 (t. 8)
020 _a8321110509 (całość)
040 _cBPK
041 1 _apol
_heng
080 _a1(410)"17/19":1(73)"18/19"
920 _a83-211-1051-7 (t. 8)
920 _a83-211-1050-9 (całość)
942 _cKS
008 s pl f |000 0 pol
999 _c46612
_d46612
856 _uhttp://koha.tu.koszalin.pl/cgi-bin/koha/opac-detail.pl?biblionumber=46612
_yKatalog online BPK